000 00510nam a2200145 u 4500
001 000020489
005 20200930011123.0
008 100813s20uu dr 000 0 spa d
040 _aDO-SdBNP
_bspa
_cBNPHU
082 _axxx
_bxxx
110 2 _aAcociación Dominicana de Agencias de Viajes y Turismo
_943174
245 1 0 _aGuía de comercialización de alojamientos en las agencias de viajes de la República Dominicana.
260 _aSanto Domingo :
_bMinisterio de Turismo,
_c[201?].
300 _a55 p. ;
_c29 cm.
999 _c19993
_d19993